The Golden Girls Franchise - Statistics

General Stats
  • This quiz has been taken 60 times
  • The average score is 4 of 10
Answer Stats
Type Year Name Info % Correct
TV Show 2012 Golden Girls RTL4 Televisie
98%
TV Show 1985-1992 The Golden Girls NBC
98%
TV Show 1992-1993 The Golden Palace CBS
78%
TV Show 1988-1995 Empty Nest NBC
65%
TV Show 1991-1994 Nurses NBC
37%
TV Show 1993-1994 The Brighton Belles ITV
9%
TV Special 2003 The Golden Girls: Their Greatest Moments Lifetime
4%
TV Show 2011-2016 Bnot HaZahav Channel 10
2%
TV Special 1992 Full Moon Over Miami NBC
2%
TV Special 1991 Hurricane Saturday NBC
2%
No matching quizzes found
Score Distribution
Percent of People with Each Score
Percentile by Number Answered
Your Score History
You have not taken this quiz